[Event "CZE-chT U20 Extraliga West 1415"]
[Site "Czech Republic"]
[Date "2015.01.24"]
[Round "6.6"]
[White "Sucharda, Tomas"]
[Black "Novotna, Barbora"]
[Result "1-0"]
[WhiteElo "1600"]
[BlackElo "1618"]
[PlyCount "77"]
[EventDate "2014.10.11"]
[EventType "team-tourn"]
[EventRounds "11"]
[EventCountry "CZE"]
[SourceTitle "EXT 2021"]
[Source "ChessBase"]
[SourceDate "2020.10.23"]
[SourceVersion "1"]
[SourceVersionDate "2020.10.23"]
[SourceQuality "1"]
[WhiteTeam "Hradec Kralove Ortex (U20)"]
[BlackTeam "Liberec Desko (U20)"]
[WhiteTeamCountry "CZE"]
[BlackTeamCountry "CZE"]

1. d4 d5 2. c4 e6 3. Nc3 Nf6 4. e3 Nbd7 5. Nf3 Be7 6. Be2 0-0 7. 0-0 dxc4 8. Bxc4 c5 9. Re1 a6 10. a4 Nb6 11. Be2 Qc7 12. Bd2 Rd8 13. Rc1 Bd7 14. a5 Nc8 15. Na4 Bxa4 16. Qxa4 Nd6 17. Rxc5 Qb8 18. Rc2 Nde4 19. Rec1 Qd6 20. Rc4 Nd5 21. Be1 b5 22. axb6 Nxb6 23. Bb4 Nxa4 24. Bxd6 Bxd6 25. Rxa4 Rdb8 26. Bd3 Nf6 27. Rxa6 Rxa6 28. Bxa6 h6 29. Rc8+ Rxc8 30. Bxc8 Kf8 31. Kf1 Ke8 32. Ke2 Kd8 33. Ba6 Kc7 34. Ne5 Bxe5 35. dxe5 Nd7 36. f4 Nc5 37. Bc4 f6 38. exf6 gxf6 39. g4 1-0

[Event "CZE-chT U20 Extraliga West 1415"]
[Site "Czech Republic"]
[Date "2014.10.12"]
[Round "3.6"]
[White "Soukup, Jiri1111"]
[Black "Novotna, Barbora"]
[Result "1/2-1/2"]
[WhiteElo "1482"]
[BlackElo "1618"]
[PlyCount "91"]
[EventDate "2014.10.11"]
[EventType "team-tourn"]
[EventRounds "11"]
[EventCountry "CZE"]
[SourceTitle "EXT 2021"]
[Source "ChessBase"]
[SourceDate "2020.10.23"]
[SourceVersion "1"]
[SourceVersionDate "2020.10.23"]
[SourceQuality "1"]
[WhiteTeam "Bustehrad (U20)"]
[BlackTeam "Liberec Desko (U20)"]
[WhiteTeamCountry "CZE"]
[BlackTeamCountry "CZE"]

1. e4 e5 2. Nf3 Nc6 3. Bc4 Bc5 4. d3 Nf6 5. Nc3 d6 6. Be3 Bb6 7. h3 Be6 8. Bb3 Qd7 9. Qd2 Rd8 10. Bg5 Qe7 11. Nd5 Bxd5 12. Bxd5 h6 13. Bxf6 Qxf6 14. Nh2 0-0 15. Ng4 Qg6 16. g3 Nd4 17. 0-0-0 c6 18. Bb3 Rfe8 19. f4 exf4 20. gxf4 d5 21. f5 Qh5 22. exd5 cxd5 23. Rdf1 Nxf5 24. Qg2 Qg5+ 25. Kb1 Nh4 26. Qh2 Kh8 27. Rxf7 Re7 28. Rxe7 Qxe7 29. Rf1 Nf3 30. Qg2 Rf8 31. Rd1 h5 32. Nh2 Qg5 33. Qxg5 Nxg5 34. h4 Nf3 35. Nxf3 Rxf3 36. Bxd5 Rh3 37. Rh1 Rxh1+ 38. Bxh1 Bd8 39. d4 Bxh4 40. d5 Bg3 41. Kc1 Kg8 42. Kd2 Kf7 43. Bf3 h4 44. Bg4 Ke7 45. Kd3 Kd6 46. Ke4 1/2-1/2

[Event "CZE-ch U16 Girls"]
[Site "Kouty nad Desnou"]
[Date "2014.03.11"]
[Round "4"]
[White "Novotna, Barbora"]
[Black "Dolezalova, Lada"]
[Result "0-1"]
[WhiteElo "1546"]
[BlackElo "1606"]
[PlyCount "82"]
[EventDate "2014.03.08"]
[EventType "swiss"]
[EventRounds "9"]
[EventCountry "CZE"]
[SourceTitle "EXT 2015"]
[Source "ChessBase"]
[SourceDate "2014.11.20"]
[SourceVersion "1"]
[SourceVersionDate "2014.11.20"]
[SourceQuality "1"]

1. e4 e6 2. d4 d5 3. e5 c5 4. c3 Qb6 5. Nf3 Bd7 6. a3 Bb5 7. Bd3 Bxd3 8. Qxd3 Nc6 9. b4 cxd4 10. cxd4 Rc8 11. Nc3 Nxb4 12. axb4 Rxc3 13. Qd1 Bxb4 14. Bd2 Rc6 15. 0-0 Bxd2 16. Qxd2 Ne7 17. Rfb1 Qc7 18. Rxa7 0-0 19. Raxb7 Qd8 20. Qb4 Nf5 21. g4 Rc4 22. Qd2 Nh4 23. Nxh4 Qxh4 24. Qd1 h5 25. R7b4 Rxb4 26. Rxb4 Qxg4+ 27. Qxg4 hxg4 28. Rb3 f6 29. exf6 Rxf6 30. Kg2 Rf4 31. Rd3 Kf7 32. Kg3 g5 33. Kg2 Kf6 34. Kf1 Rf3 35. Re3 Rf4 36. Rd3 Re4 37. f3 Rf4 38. Ke2 gxf3+ 39. Rxf3 Rxf3 40. Kxf3 Kf5 41. h3 e5 0-1

[Event "CZE-chTW U20 1314"]
[Site "Czech Republic"]
[Date "2013.12.07"]
[Round "5.6"]
[White "Zizka, Petr"]
[Black "Novotna, Barbora"]
[Result "1-0"]
[WhiteElo "1841"]
[BlackElo "1565"]
[PlyCount "51"]
[EventDate "2013.10.12"]
[EventType "team-tourn"]
[EventRounds "11"]
[EventCountry "CZE"]
[SourceTitle "EXT 2015"]
[Source "ChessBase"]
[SourceDate "2014.11.20"]
[SourceVersion "1"]
[SourceVersionDate "2014.11.20"]
[SourceQuality "1"]
[WhiteTeam "Praha Bohemians (U20)"]
[BlackTeam "Liberec Desko (U20)"]
[WhiteTeamCountry "CZE"]
[BlackTeamCountry "CZE"]

1. e4 e5 2. Nc3 Nc6 3. Bc4 Nf6 4. d3 Be7 5. f4 exf4 6. Bxf4 d6 7. Nf3 0-0 8. Qd2 a6 9. h3 b5 10. Bb3 Na5 11. g4 Nxb3 12. axb3 Re8 13. Qh2 Qd7 14. Kd2 Bb7 15. Qg3 Rac8 16. Rag1 d5 17. Ne5 Qd8 18. g5 Nh5 19. Qg4 Nxf4 20. Qxf4 Bxg5 21. Rxg5 f6 22. Rxg7+ Kxg7 23. Rg1+ Kf8 24. Qh6+ Ke7 25. Rg7+ Kd6 26. Nf7+ 1-0

[Event "CZE-ch U16 Girls"]
[Site "Kouty nad Desnou"]
[Date "2013.03.10"]
[Round "2"]
[White "Dumkova, Daniela"]
[Black "Novotna, Barbora"]
[Result "0-1"]
[WhiteElo "1577"]
[BlackElo "1551"]
[PlyCount "102"]
[EventDate "2013.03.09"]
[EventType "swiss"]
[EventRounds "9"]
[EventCountry "CZE"]
[SourceTitle "EXT 2015"]
[Source "ChessBase"]
[SourceDate "2014.11.20"]
[SourceVersion "1"]
[SourceVersionDate "2014.11.20"]
[SourceQuality "1"]

1. e4 e5 2. Nf3 Nc6 3. Nc3 Nf6 4. d3 Be7 5. Be2 0-0 6. 0-0 d5 7. exd5 Nxd5 8. Nxd5 Qxd5 9. Nd2 Nd4 10. Bf3 Nxf3+ 11. Qxf3 Be6 12. Re1 f6 13. Qe4 Rfe8 14. Nb3 Bf7 15. Qg4 Rad8 16. Bd2 Qd7 17. Qxd7 Rxd7 18. f3 c5 19. Be3 b6 20. Nd2 f5 21. Bf2 Bf6 22. Nc4 e4 23. Rad1 Bxc4 24. dxc4 Rxd1 25. Rxd1 e3 26. Be1 e2 27. Rd7 Bd4+ 28. Rxd4 cxd4 29. Kf2 a5 30. a4 Kf7 31. Bd2 h6 32. Ke1 g5 33. g3 Re6 34. f4 g4 35. b3 h5 36. Kf2 Ke7 37. Ke1 Kd6 38. Kf2 Kc5 39. Ke1 d3 40. c3 Kd6 41. Kf2 Ke7 42. Be1 Kf6 43. Bd2 Kg6 44. Ke1 h4 45. Kf2 hxg3+ 46. hxg3 Kf7 47. Be1 Rh6 48. Ke3 Rh1 49. Kd2 Ke6 50. b4 Kd6 51. Bf2 Rd1+ 0-1

[Event "CZE-chTW U20 1213"]
[Site "Czech Republic"]
[Date "2012.12.08"]
[Round "5.6"]
[White "Kozbert, Tomas"]
[Black "Novotna, Barbora"]
[Result "1/2-1/2"]
[WhiteElo "1386"]
[BlackElo "1546"]
[PlyCount "71"]
[EventDate "2012.10.06"]
[EventType "team-tourn"]
[EventRounds "11"]
[EventCountry "CZE"]
[SourceTitle "EXT 2015"]
[Source "ChessBase"]
[SourceDate "2014.11.20"]
[SourceVersion "1"]
[SourceVersionDate "2014.11.20"]
[SourceQuality "1"]
[WhiteTeam "Praha Bohemians (U20)"]
[BlackTeam "Liberec Desko (U20)"]
[WhiteTeamCountry "CZE"]
[BlackTeamCountry "CZE"]

1. d4 d5 2. c4 e6 3. Nc3 Nf6 4. Bg5 Be7 5. Nf3 Nbd7 6. e3 0-0 7. Bd3 dxc4 8. Bxc4 a6 9. 0-0 b5 10. Be2 Bb7 11. Rc1 Rc8 12. a3 c5 13. Qd2 b4 14. axb4 cxb4 15. Na2 a5 16. Rxc8 Qxc8 17. Rc1 Qb8 18. Bf4 Bd6 19. Bxd6 Qxd6 20. Qd3 Bd5 21. Ra1 Rc8 22. Nc1 Be4 23. Qd1 Bc2 24. Qf1 a4 25. Bd1 Nb6 26. Nd3 Ne4 27. Rc1 b3 28. Bxc2 bxc2 29. Qe2 a3 30. bxa3 Qxa3 31. Rxc2 Qa1+ 32. Nfe1 Nc3 33. Qd2 Nba4 34. g3 Rc7 35. Kg2 h6 36. Qc1 1/2-1/2

[Event "EU Union-ch U14 9th"]
[Site "Mureck"]
[Date "2011.08.09"]
[Round "7"]
[White "Lascar, Radoslawa"]
[Black "Novotna, Barbora"]
[Result "1-0"]
[WhiteElo "1587"]
[BlackElo "1527"]
[PlyCount "39"]
[EventDate "2011.08.03"]
[EventType "swiss"]
[EventRounds "9"]
[EventCountry "AUT"]
[SourceTitle "CBM 143 Extra"]
[Source "ChessBase"]
[SourceDate "2011.08.29"]
[SourceVersion "1"]
[SourceVersionDate "2011.08.29"]
[SourceQuality "1"]

1. e4 e5 2. Nf3 Nc6 3. Nc3 Nf6 4. d4 exd4 5. Nxd4 Bb4 6. Nxc6 bxc6 7. Bd3 d5 8. e5 Ng4 9. Bf4 0-0 10. h3 Nxe5 11. Bxe5 Re8 12. f4 f6 13. Qh5 f5 14. 0-0 g6 15. Qf3 g5 16. Qg3 Bc5+ 17. Kh1 Kf7 18. fxg5 Kg6 19. h4 Bf8 20. h5+ 1-0

[Event "EU Union-ch U14 9th"]
[Site "Mureck"]
[Date "2011.08.06"]
[Round "4"]
[White "Bowler, James"]
[Black "Novotna, Barbora"]
[Result "1-0"]
[WhiteElo "1672"]
[BlackElo "1527"]
[PlyCount "73"]
[EventDate "2011.08.03"]
[EventType "swiss"]
[EventRounds "9"]
[EventCountry "AUT"]
[SourceTitle "CBM 143 Extra"]
[Source "ChessBase"]
[SourceDate "2011.08.29"]
[SourceVersion "1"]
[SourceVersionDate "2011.08.29"]
[SourceQuality "1"]

1. e4 e5 2. Nc3 Nf6 3. f4 d5 4. fxe5 Nxe4 5. Nf3 Be7 6. Qe2 Nxc3 7. dxc3 0-0 8. Bf4 c5 9. Qf2 Na6 10. 0-0-0 Nc7 11. Bd3 c4 12. Bxc4 b5 13. Bd3 a5 14. Nd4 Bg4 15. Rdf1 Qd7 16. Qg3 Bh5 17. Bf5 Qe8 18. Qh3 f6 19. exf6 Bxf6 20. Bxc7 Bg5+ 21. Kb1 Bg6 22. Bxg6 Qxg6 23. Qe6+ Qxe6 24. Rxf8+ Rxf8 25. Nxe6 Rf5 26. g4 Rf7 27. Nxg5 Rxc7 28. Re1 Rc8 29. Re5 Rd8 30. Re7 Rf8 31. Rxg7+ Kxg7 32. Ne6+ Kf7 33. Nxf8 Kxf8 34. Kc1 Kf7 35. Kd2 Kf6 36. h4 Ke5 37. Ke3 1-0

[Event "CZE-ch U14 Girls"]
[Site "Kouty nad Desnou"]
[Date "2011.03.14"]
[Round "3"]
[White "Zemkova, Klara"]
[Black "Novotna, Barbora"]
[Result "0-1"]
[WhiteElo "1491"]
[BlackElo "1525"]
[PlyCount "58"]
[EventDate "2011.03.12"]
[EventType "swiss"]
[EventRounds "9"]
[EventCountry "CZE"]
[SourceTitle "EXT 2014"]
[Source "ChessBase"]
[SourceDate "2013.11.20"]
[SourceVersion "1"]
[SourceVersionDate "2013.11.20"]
[SourceQuality "1"]

1. e4 e5 2. Nf3 Nc6 3. Bc4 Bc5 4. 0-0 Nf6 5. d4 exd4 6. e5 Ng4 7. Bxf7+ Kf8 8. e6 dxe6 9. Ng5 Nce5 10. h3 Nxf7 11. Nxf7 Kxf7 12. Qxg4 Rf8 13. Nd2 e5 14. Qh5+ Kg8 15. Nf3 Rf5 16. Qg4 Rf6 17. Qe4 Qe8 18. Qd5+ Kh8 19. Qxc5 Qg6 20. Bg5 Rxf3 21. Qe7 Bxh3 22. gxf3 Re8 23. Qxe8+ Qxe8 24. Rfe1 h6 25. Kh2 Bf5 26. Bh4 Qh5 27. Kg3 g5 28. Rh1 gxh4+ 29. Rxh4 Qg5+ 0-1

[Event "CZE-ch U14 Girls"]
[Site "Kouty nad Desnou"]
[Date "2011.03.13"]
[Round "2"]
[White "Novotna, Barbora"]
[Black "Rojikova, Lenka"]
[Result "1/2-1/2"]
[WhiteElo "1525"]
[BlackElo "1788"]
[PlyCount "57"]
[EventDate "2011.03.12"]
[EventType "swiss"]
[EventRounds "9"]
[EventCountry "CZE"]
[SourceTitle "EXT 2014"]
[Source "ChessBase"]
[SourceDate "2013.11.20"]
[SourceVersion "1"]
[SourceVersionDate "2013.11.20"]
[SourceQuality "1"]

1. e4 c5 2. c3 g6 3. d4 cxd4 4. cxd4 d5 5. exd5 Nf6 6. Bb5+ Nbd7 7. Nc3 Bg7 8. Nf3 0-0 9. 0-0 Nb6 10. d6 Qxd6 11. Re1 Bf5 12. Be3 Nfd5 13. Nxd5 Nxd5 14. Qd2 Nxe3 15. fxe3 Rfd8 16. Rad1 Qd5 17. a4 Be4 18. Be2 Qb3 19. Ra1 Rac8 20. Ra3 Qc2 21. Bd3 Qxd2 22. Nxd2 Bxd3 23. Rxd3 Rc2 24. b3 e5 25. d5 f5 26. e4 Bf8 27. exf5 Bb4 28. Rd1 gxf5 29. Nc4 1/2-1/2

[Event "EU Union-ch U12 8th"]
[Site "Mureck"]
[Date "2010.08.11"]
[Round "8"]
[White "Werner, Anna"]
[Black "Novotna, Barbora"]
[Result "1-0"]
[WhiteElo "1738"]
[BlackElo "1455"]
[PlyCount "45"]
[EventDate "2010.08.04"]
[EventType "swiss"]
[EventRounds "9"]
[EventCountry "AUT"]
[SourceTitle "CBM 138 Extra"]
[Source "ChessBase"]
[SourceDate "2010.10.29"]
[SourceVersion "1"]
[SourceVersionDate "2010.10.29"]
[SourceQuality "1"]

1. d4 d5 2. c4 e6 3. Nc3 Nf6 4. cxd5 exd5 5. Bg5 Nbd7 6. e3 Bb4 7. Bd3 0-0 8. Nge2 c5 9. 0-0 Bxc3 10. bxc3 b6 11. Qc2 Qc7 12. f3 h6 13. Bf4 Qc6 14. Rac1 Re8 15. c4 Bb7 16. cxd5 Qxd5 17. e4 Qe6 18. d5 Qe7 19. Ng3 Ne5 20. Bb5 Red8 21. Nf5 Qc7 22. d6 Rxd6 23. Bxe5 1-0

[Event "EU Union-ch U12 8th"]
[Site "Mureck"]
[Date "2010.08.07"]
[Round "4"]
[White "Skuhala, Luka"]
[Black "Novotna, Barbora"]
[Result "1-0"]
[WhiteElo "1764"]
[BlackElo "1455"]
[PlyCount "75"]
[EventDate "2010.08.04"]
[EventType "swiss"]
[EventRounds "9"]
[EventCountry "AUT"]
[SourceTitle "CBM 138 Extra"]
[Source "ChessBase"]
[SourceDate "2010.10.29"]
[SourceVersion "1"]
[SourceVersionDate "2010.10.29"]
[SourceQuality "1"]

1. e4 e5 2. Nf3 Nc6 3. Bc4 Bc5 4. c3 Nf6 5. d3 d6 6. Nbd2 0-0 7. 0-0 Be6 8. Bb5 Ne7 9. Ba4 c6 10. Bc2 Nd7 11. Re1 f5 12. a4 f4 13. b4 Bb6 14. Bb3 Bxb3 15. Qxb3+ Kh8 16. Ng5 Qe8 17. a5 Bc7 18. Ne6 Qg6 19. Nxf8 Rxf8 20. Nf3 h5 21. h4 Qg4 22. Kf1 Ng6 23. Ke2 Nxh4 24. Qd1 Qxg2 25. Nxh4 f3+ 26. Nxf3 Qxf3+ 27. Kd2 Qxf2+ 28. Re2 Qf3 29. Kc2 h4 30. Bd2 Nf6 31. Rh2 Qg3 32. Qh1 g5 33. Bxg5 Qxg5 34. Rxh4+ Qxh4 35. Qxh4+ Nh7 36. Rh1 Rf7 37. Qh5 Rg7 38. Rf1 1-0

[Event "EU Union-ch U12 8th"]
[Site "Mureck"]
[Date "2010.08.05"]
[Round "2"]
[White "Markoja, Boris"]
[Black "Novotna, Barbora"]
[Result "1-0"]
[WhiteElo "1777"]
[BlackElo "1455"]
[PlyCount "81"]
[EventDate "2010.08.04"]
[EventType "swiss"]
[EventRounds "9"]
[EventCountry "AUT"]
[SourceTitle "CBM 138 Extra"]
[Source "ChessBase"]
[SourceDate "2010.10.29"]
[SourceVersion "1"]
[SourceVersionDate "2010.10.29"]
[SourceQuality "1"]

1. e4 e5 2. Nf3 Nc6 3. Bc4 Nf6 4. d3 Bc5 5. 0-0 0-0 6. Bb3 d6 7. c3 Bg4 8. Nbd2 d5 9. exd5 Nxd5 10. Ne4 Be7 11. h3 Be6 12. Nfg5 Bxg5 13. Bxg5 f6 14. Be3 Kh8 15. Nc5 Nxe3 16. fxe3 Bxb3 17. axb3 Qc8 18. Qf3 Ne7 19. Qxb7 Qxb7 20. Nxb7 Nd5 21. e4 Nf4 22. Nc5 Rfd8 23. Rfd1 g6 24. Kh2 f5 25. g3 Nh5 26. Kg2 Nf6 27. Rf1 Nd7 28. Ne6 Rdc8 29. exf5 gxf5 30. Rxf5 Nb6 31. Rxe5 Re8 32. Rae1 Nd7 33. R5e3 Rac8 34. Nf4 Rxe3 35. Rxe3 Nc5 36. b4 Na4 37. Re2 c5 38. bxc5 Rxc5 39. d4 Rb5 40. Nd3 Rb7 41. c4 1-0

[Event "CZE-ch U12 Girls"]
[Site "Kouty nad Desnou"]
[Date "2010.03.12"]
[Round "8"]
[White "Kubosova, Jana"]
[Black "Novotna, Barbora"]
[Result "0-1"]
[WhiteElo "1476"]
[BlackElo "1455"]
[PlyCount "40"]
[EventDate "2010.03.06"]
[EventType "swiss"]
[EventRounds "9"]
[EventCountry "CZE"]
[SourceTitle "EXT 2012"]
[Source "ChessBase"]
[SourceDate "2011.11.24"]
[SourceVersion "1"]
[SourceVersionDate "2011.11.24"]
[SourceQuality "1"]

1. d4 e6 2. Bf4 Nf6 3. f3 d5 4. Nd2 Nbd7 5. e4 dxe4 6. fxe4 c5 7. c3 b6 8. Bb5 Bb7 9. Ngf3 Bxe4 10. Nxe4 Nxe4 11. Bc6 Nxc3 12. bxc3 Rc8 13. Bb7 cxd4 14. Bxc8 Qxc8 15. Qxd4 f6 16. Bd2 Bc5 17. Qc4 Bf2+ 18. Kxf2 Qxc4 19. Rhe1 0-0 20. Nd4 e5 0-1

[Event "Liberec Metalmex op"]
[Site "Liberec"]
[Date "2010.??.??"]
[Round "2"]
[White "Broucek, Tomas"]
[Black "Novotna, Barbora"]
[Result "1-0"]
[WhiteElo "2061"]
[BlackElo "1455"]
[PlyCount "51"]
[EventDate "2010.08.14"]
[EventType "swiss"]
[EventRounds "9"]
[EventCountry "CZE"]
[SourceTitle "CBM 138 Extra"]
[Source "ChessBase"]
[SourceDate "2010.10.29"]
[SourceVersion "1"]
[SourceVersionDate "2010.10.29"]
[SourceQuality "1"]

1. e4 e5 2. Nf3 Nc6 3. Bc4 Bc5 4. c3 Nf6 5. d4 exd4 6. e5 Ng4 7. cxd4 Bb4+ 8. Nc3 d6 9. h3 Nh6 10. Bxh6 gxh6 11. Qb3 Qe7 12. 0-0 Bxc3 13. bxc3 dxe5 14. Rfe1 f6 15. dxe5 Nxe5 16. Nxe5 fxe5 17. Rad1 Rf8 18. Qb5+ Bd7 19. Qxb7 Rd8 20. Qxc7 Rf5 21. Qxa7 Kf8 22. Re3 Qh4 23. Qc5+ Qe7 24. Qd5 Kg7 25. Rg3+ Kf6 26. Bb5 1-0

[Event "CZE Czechia-ch U12"]
[Site "Harrachov"]
[Date "2009.10.28"]
[Round "6"]
[White "Cach, Jakub"]
[Black "Novotna, Barbora"]
[Result "1-0"]
[WhiteElo "1000"]
[BlackElo "1428"]
[PlyCount "85"]
[EventDate "2009.10.24"]
[EventType "swiss"]
[EventRounds "9"]
[EventCountry "CZE"]
[SourceTitle "EXT 2012"]
[Source "ChessBase"]
[SourceDate "2011.11.24"]
[SourceVersion "1"]
[SourceVersionDate "2011.11.24"]
[SourceQuality "1"]

1. e4 e5 2. Nf3 Nc6 3. d4 exd4 4. Nxd4 Bc5 5. Be3 Nf6 6. Nxc6 bxc6 7. Bxc5 d6 8. Bd4 0-0 9. Bd3 Re8 10. Nc3 d5 11. 0-0 dxe4 12. Bxf6 Qxf6 13. Bxe4 Rb8 14. Rb1 Rd8 15. Qf3 Qg5 16. Rfd1 Rxd1+ 17. Qxd1 Be6 18. Qe2 Re8 19. Bxc6 Re7 20. Rd1 g6 21. Qe3 Qf6 22. Rd8+ Kg7 23. Qd4 Bc4 24. Qxf6+ Kxf6 25. h3 h5 26. Nd5+ Bxd5 27. Rxd5 Re2 28. Rc5 Ke6 29. Kf1 Rd2 30. Ke1 Rd4 31. c3 Rd6 32. Bf3 Rd7 33. g4 Re7 34. Kd2 hxg4 35. Bxg4+ f5 36. Bf3 Rd7+ 37. Kc2 Rh7 38. Rc6+ Kd7 39. Rxg6 Rxh3 40. Rg3 Rh2 41. Rg2 Rh3 42. Be2 f4 43. Bg4+ 1-0

[Event "CZE Czechia-ch U12"]
[Site "Harrachov"]
[Date "2009.10.25"]
[Round "2"]
[White "Suchomelova, Simona"]
[Black "Novotna, Barbora"]
[Result "1/2-1/2"]
[WhiteElo "1250"]
[BlackElo "1428"]
[PlyCount "61"]
[EventDate "2009.10.24"]
[EventType "swiss"]
[EventRounds "9"]
[EventCountry "CZE"]
[SourceTitle "EXT 2012"]
[Source "ChessBase"]
[SourceDate "2011.11.24"]
[SourceVersion "1"]
[SourceVersionDate "2011.11.24"]
[SourceQuality "1"]

1. e4 e5 2. Nf3 Nc6 3. Bc4 Bc5 4. c3 Nf6 5. d4 exd4 6. e5 Ng4 7. cxd4 Bb4+ 8. Bd2 Bxd2+ 9. Nbxd2 0-0 10. h3 Nh6 11. 0-0 d6 12. exd6 Qxd6 13. Nb3 Nf5 14. Qd2 Rd8 15. Rad1 Qg6 16. d5 Nce7 17. Ne5 Qf6 18. Qc3 Nd6 19. Be2 Bf5 20. Ng4 Qxc3 21. bxc3 Ne4 22. f3 Nxc3 23. Rd2 Nxe2+ 24. Rxe2 Bd3 25. Rxe7 Bxf1 26. Kxf1 Rac8 27. Na5 Kf8 28. Re3 b6 29. Nc6 Re8 30. Ke2 Re5 31. Re4 1/2-1/2

[Event "CZE-ch U12 Girls"]
[Site "Kouty nad Desnou"]
[Date "2009.03.14"]
[Round "9"]
[White "Novotna, Barbora"]
[Black "Suchomelova, Simona"]
[Result "0-1"]
[WhiteElo "1291"]
[BlackElo "1100"]
[PlyCount "96"]
[EventDate "2009.03.07"]
[EventType "swiss"]
[EventRounds "9"]
[EventCountry "CZE"]
[SourceTitle "EXT 2011"]
[Source "ChessBase"]
[SourceDate "2010.11.26"]
[SourceVersion "1"]
[SourceVersionDate "2010.11.26"]
[SourceQuality "1"]

1. e4 e5 2. f4 Nf6 3. Nf3 exf4 4. e5 Ne4 5. Bc4 d5 6. Bb3 Bg4 7. Nc3 Bc5 8. d4 Bxf3 9. Qxf3 Bxd4 10. Nxe4 dxe4 11. Qxf4 Qe7 12. Qd2 Qxe5 13. c3 Bc5 14. Qf4 Qxf4 15. Bxf4 Bd6 16. Be3 Nd7 17. 0-0 f6 18. Bd5 c6 19. Bxe4 Bc5 20. Rae1 Bxe3+ 21. Rxe3 0-0-0 22. Bf5 Kc7 23. Re7 Rhg8 24. Rd1 Kb6 25. Bxd7 h6 26. Bg4 Rxd1+ 27. Bxd1 Rd8 28. Bg4 g6 29. Re6 f5 30. Be2 Rd2 31. Kf1 Rxb2 32. Rxg6 Rxa2 33. Rxh6 Ra3 34. Rf6 Rxc3 35. Rxf5 a5 36. Rf4 Kc5 37. Ke1 b5 38. Kd2 Ra3 39. h4 Ra2+ 40. Kd3 Ra3+ 41. Kd2 Ra2+ 42. Kc1 Rxe2 43. g4 a4 44. Rf5+ Kb6 45. g5 a3 46. Kb1 b4 47. g6 b3 48. g7 Re1# 0-1

[Event "CZE-ch U12 Girls"]
[Site "Kouty nad Desnou"]
[Date "2009.03.12"]
[Round "7"]
[White "Novotna, Barbora"]
[Black "Pistovcakova, Aneta"]
[Result "1/2-1/2"]
[WhiteElo "1291"]
[BlackElo "1250"]
[PlyCount "59"]
[EventDate "2009.03.07"]
[EventType "swiss"]
[EventRounds "9"]
[EventCountry "CZE"]
[SourceTitle "EXT 2011"]
[Source "ChessBase"]
[SourceDate "2010.11.26"]
[SourceVersion "1"]
[SourceVersionDate "2010.11.26"]
[SourceQuality "1"]

1. e4 e5 2. Nf3 Nc6 3. Bc4 Bc5 4. d3 Nf6 5. Nc3 h6 6. 0-0 d6 7. h3 Be6 8. Bb3 Qd7 9. Be3 0-0-0 10. Re1 Qe7 11. d4 exd4 12. Nxd4 Bd7 13. Nf5 Qe5 14. Bxc5 dxc5 15. Qf3 Be6 16. Bxe6+ fxe6 17. Nxg7 Rhg8 18. Nd5 Rxg7 19. Nxf6 Nd4 20. Qc3 Qxf6 21. Re3 Qg5 22. g4 Rf8 23. Kg2 Rgf7 24. Rf1 h5 25. Rd3 hxg4 26. hxg4 Qxg4+ 27. Rg3 Qxg3+ 28. Qxg3 Re7 29. Rd1 Ree8 30. Rf1 1/2-1/2

[Event "CZE-ch U12 Girls"]
[Site "Kouty nad Desnou"]
[Date "2009.03.09"]
[Round "4"]
[White "Kubosova, Hana"]
[Black "Novotna, Barbora"]
[Result "1-0"]
[WhiteElo "1490"]
[BlackElo "1291"]
[PlyCount "107"]
[EventDate "2009.03.07"]
[EventType "swiss"]
[EventRounds "9"]
[EventCountry "CZE"]
[SourceTitle "EXT 2011"]
[Source "ChessBase"]
[SourceDate "2010.11.26"]
[SourceVersion "1"]
[SourceVersionDate "2010.11.26"]
[SourceQuality "1"]

1. e4 e5 2. Nf3 Nc6 3. d4 exd4 4. Nxd4 Nf6 5. Nxc6 bxc6 6. e5 Nd5 7. c4 Nb6 8. b3 Bb4+ 9. Bd2 Bxd2+ 10. Nxd2 0-0 11. Bd3 Re8 12. Nf3 d5 13. cxd5 cxd5 14. 0-0 Bg4 15. Re1 Nd7 16. h3 Bxf3 17. Qxf3 Nxe5 18. Qg3 Nxd3 19. Qxd3 Rxe1+ 20. Rxe1 Qd6 21. Qd4 f6 22. Rd1 c6 23. b4 a6 24. Qc3 Kf7 25. Rc1 Rc8 26. a3 d4 27. Qd3 Ra8 28. Qc4+ Qd5 29. Qxc6 Qxc6 30. Rxc6 d3 31. Rd6 a5 32. Rxd3 axb4 33. axb4 Rb8 34. Rb3 Ke6 35. Kf1 Kd5 36. Ke2 Kc4 37. Rg3 Rb7 38. Rg4+ Kb3 39. Ke3 Re7+ 40. Kf3 f5 41. Rf4 g6 42. g4 fxg4+ 43. hxg4 g5 44. Re4 Rf7+ 45. Ke3 h6 46. f4 Rf6 47. f5 Rd6 48. Kf3 Rd3+ 49. Re3 Rxe3+ 50. Kxe3 Kxb4 51. f6 h5 52. gxh5 g4 53. Kf4 Kc5 54. f7 1-0

[Event "CZE-ch U12 Girls"]
[Site "Kouty nad Desnou"]
[Date "2009.03.08"]
[Round "2"]
[White "Novakova, Vendula"]
[Black "Novotna, Barbora"]
[Result "1-0"]
[WhiteElo "1582"]
[BlackElo "1291"]
[PlyCount "85"]
[EventDate "2009.03.07"]
[EventType "swiss"]
[EventRounds "9"]
[EventCountry "CZE"]
[SourceTitle "EXT 2011"]
[Source "ChessBase"]
[SourceDate "2010.11.26"]
[SourceVersion "1"]
[SourceVersionDate "2010.11.26"]
[SourceQuality "1"]

1. e4 e5 2. Nf3 Nc6 3. Bc4 Bc5 4. c3 Nf6 5. d4 Bb6 6. d5 Na5 7. Bd3 d6 8. b4 Nc4 9. Bxc4 Nxe4 10. Be3 0-0 11. Bxb6 axb6 12. 0-0 c6 13. Qd3 cxd5 14. Bxd5 Nf6 15. c4 Re8 16. Nc3 g6 17. Nd2 Bf5 18. Qf3 Qc7 19. Rfe1 Re7 20. h3 h5 21. Nde4 Nxe4 22. Nxe4 Bxe4 23. Qxe4 Kg7 24. f4 f5 25. Qe3 e4 26. Qd4+ Kh7 27. Re3 Rae8 28. Qf6 Rd8 29. Rg3 Rg7 30. Rd1 Re8 31. Be6 Rd8 32. Bf7 Rf8 33. Bxg6+ Kg8 34. Bh7+ Kxh7 35. Qxf8 Rxg3 36. Rxd6 Rg6 37. Rd8 Qg7 38. Qxf5 e3 39. Rd7 Kh6 40. Rxg7 Kxg7 41. Qe4 Rg3 42. f5 Kf7 43. Qe6+ 1-0